000 01973nam0a2200337 4500
001 RU\NLR\BIBL_A\011960490
005 20190405134434.0
010 _a978-5-89566-192-5
_9500
021 _aRU
_bКН-П-19-009604
_9КН-П-19-0715
035 _a(NLR Aleph) 011960490
035 _a(RuMoRGB)009895013
090 _a11201286
_c11201286
100 _a20190314d2018 u y0rusy50 ca
101 1 _arus
_cmis
102 _aRU
105 _ay z 000zy
200 1 _aФольклор ямальских ненцев
_fДепартамент по науке и инновациям ЯНАО, ГКУ "Научный центр изучения Арктики", Российская академия наук, Сибирское отделение, Институт филологии
_g[составитель: Н. М. Янгасова
_gответственный редактор: доктор филологических наук Н. Б. Кошкарёва
_gперевод с ненецкого языка на русский, редактирование ненецких текстов: Н. М. Янгасова]
210 _aСанкт-Петербург
_cИсторическая иллюстрация
_d2018
215 _a223 с.
_d24
606 1 _aНенецкий фольклор
_yЯмало-Ненецкий автономный округ
_2nlr_sh2
_3RU\NLR\AUTH\6601653077
686 1 _aШ3(251.1=Нен)-699.0
702 1 _aЯнгасова
_bН. М.
_gНейко Максимовна
_4220
_4340
_4730
702 1 _aКошкарева
_bН. Б.
_gНаталья Борисовна
_3RU\NLR\AUTH\7757156
_4340
712 0 2 _aНаучный центр изучения Арктики
_cСалехард
_3RU\NLR\AUTH\8810241996
_4570
942 _cBOOK
980 _aNBR
980 _aNB